Datum a čas kvízu
37
Celkem bodů
Celkový počet nahraných bodů na tomto kvízu bez doplňovacích otázek.
1.
Pořadí na kvízu
Konečné umístění týmu na tomto kvízu.
Zaznamenané odpovědi
| # | Otázka | Odpověď | Body | Výsledky |
|---|---|---|---|---|
| 1. | Ve čtvrtek byly zveřejněny výs... | Václav Havel, Václav Klaus, Petr Pavel | 1 | |
| 2. | Jeden švýcarský turista se v p... | v Mostaru | 1 | |
| 3. | Minulý týden byl potvrzen rozc... | Katy Perry, Orlando Bloom | 1 | |
| 4. | Jak se jmenuje nově zvolený ge... | Hynek Chudárek | 1 | |
| 5. | Minulý týden jsme zažili zcela... | Boca Juniors | 0 | |
| 6. | Jedna z nejúspěšnějších filmov... | Zachary Quinto, Leonard Nimoy | 0.5 | |
| 7. | Napište český název závěrečnéh... | Pařba na třetí | 1 | |
| 8. | Seřaďte jednotlivé díly filmov... | 1A 2D 3C 4B | 1 | |
| 9. | Kdo z uvedených herců nebo her... | B | 1 | |
| 10. | Závěrem se podíváme blíže na H... | z hadů | 1 |